| 000 | 00527nam a2200169 i 4500 | ||
|---|---|---|---|
| 001 | 85867 | ||
| 003 | ES-MaACL | ||
| 005 | 20230906175326.0 | ||
| 007 | t| | ||
| 008 | 041202s1957 sp ||||1| spa d | ||
| 100 | 1 |
_aKeeler, Harry Stephen. _967708 |
|
| 245 | 1 | 0 |
_aNoches del verdugo / _cpor Harry Stephen Keeler ; traducción de Fernando Noriega Olea. |
| 260 |
_aMadrid : _bInstituto Editorial Reus, _c1957. |
||
| 300 |
_a211 p. ; _c19 cm. |
||
| 700 | 1 |
_aNoriega Olea, Fernando. _985986 |
|
| 852 |
_aES-MaACL _jC-12452 _bR.41172 |
||
| 999 |
_c85867 _d85867 |
||